Afinidad entre emulsiones asfálticas y agregados petreos
Gardado en:
| Autor Principal: | |
|---|---|
| Formato: | Libro |
| Publicado: |
[San José , Costa Rica]
1984
|
| Materias: | |
| Etiquetas: |
Engadir etiqueta
Sen Etiquetas, Sexa o primeiro en etiquetar este rexistro!
|
MARC
| LEADER | 00000nam a2200000Ia 4500 | ||
|---|---|---|---|
| 003 | 002688 | ||
| 005 | 20221231144405.0 | ||
| 008 | 140114s1984 cr a m 000 ||s d | ||
| 040 | |c cru CEDI | ||
| 090 | |a TFG 1616 | ||
| 100 | |a Acosta Rodríguez, José Enrique |9 14650 | ||
| 245 | |a Afinidad entre emulsiones asfálticas y agregados petreos | ||
| 260 | |c 1984 |a [San José , Costa Rica] | ||
| 300 | |a vi, [128] hojas : ilustraciones, mapas ; 28 cm | ||
| 500 | |a Proyecto de graduación (ingeniero civil)-- Universidad de Costa Rica. Facultad de Ingeniería. Escuela de Ingeniería Civil | ||
| 650 | |x ASFALTO |x EMULSIONES ASFALTICAS |9 14651 | ||
| 942 | |c TFG |2 ddc | ||
| 999 | |c 21169 |d 21169 | ||
